00795nas a2200253 4500001001300000003000900013005001700022007000300039008003400042040005400076041000900130072000800139100001500147100002100162245011400183650000900297650001000306650002000316650001100336650001600347650001500363773011400378856004900492BR2015001776BR-BrBNA20231205125147.0ta230509b bl.|||p| |||| 00| 00por d aBR-BrBNAbporcBiblioteca Nacional de Agricultura a(En) aH201 aMaia, L.C.1 aYano-Melo, A.M. 1 aGermination and germ tube growth of the arbuscular mycorrhizal fungi Gigaspora albida in different substrates aRAIZ aFUNGO aEXTRATO VEGETAL aPAINCO aCRESCIMENTO aGERMINACAO0 tBrazilian Journal of Microbiology (Brazil)xISSN 1517-8382g(Oct-Dec 2001), v. 32(4) p. 281-285wBR201500177640uhttp://www.scielo.br/pdf/bjm/v32n4/11104.pdf